000 00252nam a2200097Ia 4500
001 956683
005 20250826215829.0
008 250824s9999 xx 000 0 und d
245 0 _aKUZULAR VADİSİ
_cÜSTÜN DÖKMEN
260 _bREMZİ KİTABEVİ YAYINLARI
999 _c956683
_d956683